Habitat : (Record no. 11098)

000 -LEADER
fixed length control field 03162cam a22003857i 4500
003 - CONTROL NUMBER IDENTIFIER
control field OSt
005 - DATE AND TIME OF LATEST TRANSACTION
control field 20230313164630.0
008 - FIXED-LENGTH DATA ELEMENTS--GENERAL INFORMATION
fixed length control field 170306s2017 nyuab b 001 0 eng d
010 ## - LIBRARY OF CONGRESS CONTROL NUMBER
LC control number 2017936011
020 ## - INTERNATIONAL STANDARD BOOK NUMBER
International Standard Book Number 9781419728808
020 ## - INTERNATIONAL STANDARD BOOK NUMBER
International Standard Book Number 1419728806
035 ## - SYSTEM CONTROL NUMBER
System control number (OCoLC)on1004679440
042 ## - AUTHENTICATION CODE
Authentication code lccopycat
082 04 - DEWEY DECIMAL CLASSIFICATION NUMBER
Classification number 720/.47
Edition number 23
Item number PIE
130 0# - MAIN ENTRY--UNIFORM TITLE
Uniform title Habitat (Abrams (Publishing company))
245 10 - TITLE STATEMENT
Title Habitat :
Remainder of title vernacular architecture for a changing planet /
Statement of responsibility, etc edited by Sandra Piesik.
246 30 - VARYING FORM OF TITLE
Title proper/short title Vernacular architecture for a changing planet
300 ## - PHYSICAL DESCRIPTION
Extent 600 pages :
Other physical details illustrations (chiefly color), color maps ;
Dimensions 37 cm
500 ## - GENERAL NOTE
General note "First published in the United Kingdom in 2017 by Thames & Hudson Ltd ... London"--Colophon.
504 ## - BIBLIOGRAPHY, ETC. NOTE
Bibliography, etc Includes bibliographical references (pages 575-581) and index.
505 00 - FORMATTED CONTENTS NOTE
Title Foreword /
Statement of responsibility Tomasz Chruszczow --
Title Introduction /
Statement of responsibility Sandra Piesik --
Title The Influence of Climate on Building Design and Materials /
Statement of responsibility Catherine Souch --
Title A Geological Classification of Earth Materials in Vernacular Construction /
Statement of responsibility Graham Lott --
Title Plants in the Built Environment /
Statement of responsibility William Miliken --
Title An Anthropological Introduction to Vernacular Architecture
Statement of responsibility André Singer --
Title The Value of the Vernacular /
Statement of responsibility Jim Coleman
-- Henry Fletcher --
Title Tropical --
-- Dry --
-- Temperature --
-- Continental --
-- Polar --
Miscellaneous information Appendix 1:
Title Contemporary Vernacular --
Miscellaneous information Appendix 2:
Title Natural Disasters --
Miscellaneous information Appendix 3:
Title Materials Science.
520 ## - SUMMARY, ETC.
Summary, etc Materials Science."Vernacular architecture is architecture without architects; designed based on local needs, these buildings make use of natural resources and demonstrate diverse architectural forms, design elements unique to their culture, and ingenious construction techniques. From bamboo garden pavilions in China to homes made from reeds in southern Iraq, and mud dwellings in Mali to pine huts in Siberia, Habitat showcases the diverse and indigenous materials that can be used to build innovative, sustainable structures. The core of Habitat is arranged by climate zone, from desert to tropical, temperate to arctic. Within each section, buildings are presented regionally, showing how local climatic conditions and vegetation affect the evolution of building styles. Complete with a range of essays exploring the economic and anthropological aspects, as well as a reference section with information on materials science and engineering, Habitat offers real-world insights into sustainable buildings and stresses the importance of preserving disappearing craftsmanship and local knowledge."--
650 #0 - SUBJECT ADDED ENTRY--TOPICAL TERM
Topical term or geographic name as entry element Vernacular architecture
General subdivision Environmental aspects.
650 #0 - SUBJECT ADDED ENTRY--TOPICAL TERM
Topical term or geographic name as entry element Architecture and climate.
650 #0 - SUBJECT ADDED ENTRY--TOPICAL TERM
Topical term or geographic name as entry element Sustainable architecture.
650 #7 - SUBJECT ADDED ENTRY--TOPICAL TERM
Topical term or geographic name as entry element Climatic changes.
Source of heading or term fast
650 #7 - SUBJECT ADDED ENTRY--TOPICAL TERM
Topical term or geographic name as entry element Climatology.
Source of heading or term fast
650 #7 - SUBJECT ADDED ENTRY--TOPICAL TERM
Topical term or geographic name as entry element Sustainable architecture.
Source of heading or term fast
650 #7 - SUBJECT ADDED ENTRY--TOPICAL TERM
Topical term or geographic name as entry element Vernacular architecture
General subdivision Environmental aspects.
Source of heading or term fast
700 1# - ADDED ENTRY--PERSONAL NAME
Personal name Piesik, Sandra,
Relator term editor.
906 ## - LOCAL DATA ELEMENT F, LDF (RLIN)
a 7
b cbc
c copycat
d 2
e epcn
f 20
g y-gencatlg
942 ## - ADDED ENTRY ELEMENTS (KOHA)
Source of classification or shelving scheme
955 ## - COPY-LEVEL INFORMATION (RLIN)
Book number/undivided call number, CCAL (RLIN) rk11 2018-09-06 z-processor
Copy status, CST (RLIN) rk11 2018-09-06 to CALM
955 ## - COPY-LEVEL INFORMATION (RLIN)
Classification number, CCAL (RLIN) pc12 2017-03-06
-- xn11 2018-08-30 1 copy rec'd., to USASH
Holdings
Withdrawn status Lost status Source of classification or shelving scheme Damaged status Koha normalized classification for sorting Not for loan Permanent location Current location Date acquired Source of acquisition Cost, normal purchase price Total Checkouts Full call number Barcode Date last seen Date last borrowed Cost, replacement price Price effective from Koha item type
        720_000000000000000__47_PIE   BMS College of Architecture, Design and Planning BMS College of Architecture, Design and Planning 2023-03-07 10 6955.20 1 720/.47 PIE AR-PG581 2023-03-27 2023-03-13 9936.00 2023-03-07 PG Books
Copyright © 2025, The Librarian, Library and Information Centre, BMSCA D&P, Bengaluru. All Rights Reserved
web counter

Powered by Koha